LEADER 01637nam a2200313 u 4500 001 000000013512 003 CaOOAMICUS 005 20070226105647.0 008 940517s1943 dcu u000 u eng u 035 $a10322464 040 $aPUL$bita 100 1 $aPlumpe, Joseph C.$0(OLS)http://pul/name/12712 245 10$aMater Ecclesia :$ban inquiry into the concept of the Church as mother in early Christianity /$cby Joseph C. Plumpe. 260 $aWashington, D.C. :$bThe Catholic University of America Press,$c1943. 300 $axxi, 149 p., pls. ;$c23 cm 490 1 $aStudies in Christian antiquity (Catholic University of America) ;$vno. 5 500 $aComprende indici. 504 $aBibliografia: p. xix-xxi. 650 4$aChiesa$xStoria$yChiesa primitiva, ca. 30-600.$0(OLS)http://pul/subject/93 650 0$aChurch.$2//eng$0(OLS)http://pul/subject/4479 650 0$aChristianity$yPrimitive and early church.$2//eng$0(OLS)http://pul/subject/9770 710 2 $aCatholic University of America.$0(OLS)http://pul/name/633 830 0$aStudies in Christian antiquity (Catholic University of America) ;$vno. 5.$0(OLS)http://pul/title/19490 850 $aPUL 852 $aPUL$W1$xDP1 Fondo Maccarrone$y58$m1506 A 23$j19049$nBK-PRI$b $qFondi$B19049$CPULBib$Z2$F19049 $H $81 941 1 $a1 961 $aINV: 01702 -- Fondo Mons. M. Maccarrone 996 $6245$aMater Ecclesia :$ban inquiry into the concept of the Church as mother in early Christianity$9(OLS)http://pul/title/19503 996 $6260$aWashington, D.C. :$bThe Catholic University of America Press$9(OLS)http://pul/publisher/48680 LEADER 01335nam a2200277 a 4500 001 000000154293 003 CaOOAMICUS 005 20160927093322.0 008 160927s1973 it 000 u ita r 032 $aLibriCat 040 $aPUL$bita 245 03$aIl ruolo del giudice nell'assetto costituzionale / $cdi Carlo Casini ... [et al.] ; presentazione di Elio Pasquariello ; in appendice Un discorso ai giovani di Piero Calamandrei. 260 $aFirenze :$bLibreria editrice fiorentina,$cstampa 1973. 300 $a52 p. ;$c24 cm. 490 1 $aQuaderni di Corea. Quinta serie. Gruppo il dialogo ;$v02 500 $aRiferimenti bibliografici in nota. 650 4$aDiritto costituzionale.$0(OLS)http://pul/subject/1174 700 1 $aPasquariello, Elio.$0(OLS)http://pul/name/98228 700 1 $aCasini, Carlo.$0(OLS)http://pul/name/28217 830 0$aQuaderni di Corea.$pQuinta serie. Gruppo il dialogo ;$v02.$0(OLS)http://pul/title/193891 850 $aPUL 852 $aPUL$W1$xDP1 Fondo G. Barberini$y122$m4 G 10$j177349$qFondi$B180321$CPULBib$Z2$F180321 $HBar870 $81 941 1 $a1 996 $6245$aIl ruolo del giudice nell'assetto costituzionale / $9(OLS)http://pul/title/193890 996 $6260$aFirenze :$bLibreria editrice fiorentina$9(OLS)http://pul/publisher/48392